| 000 | 00904nam a2200277 a 4500 | ||
|---|---|---|---|
| 008 | 061123s2006||||xo o g 000 0cslo d | ||
| 020 |
_a8088892740 _q(viaz.) _c10 |
||
| 040 |
_aSNK _bslo _cSNK _eAACR2 |
||
| 041 | 0 | _aslo | |
| 043 | _ae-xo--- | ||
| 044 |
_axo _cSK _cSK |
||
| 072 | 7 |
_a929 _xBiografie _2konspekt |
|
| 080 |
_a929 _22001 |
||
| 080 |
_a(047.53) _22001 |
||
| 080 |
_a(437.6) _22001 |
||
| 100 | 1 |
_aBukovská, Zuzana, _d1946- |
|
| 245 | 1 | 0 |
_aRozdané zostáva _brozhovory s osobnosťami, ktoré zblížil Turiec _cZuzana Bukovská ; [fotografie: Boris Bukovský st., Jaroslav Podhorský, Filip Lašut] |
| 250 | _a[1. vyd.] | ||
| 260 |
_aMartin _bNeografia _c2006 |
||
| 300 |
_a281 s. _bfotogr. _c21 cm |
||
| 650 | 0 | 7 |
_aosobnosti _2SNKPH |
| 651 | 7 |
_aTuriec (Slovensko) _2SNKPH |
|
| 700 | 1 |
_aBukovský, Boris _4pht |
|
| 700 | 1 |
_aLašut, Filip, _d1945- _4pht |
|
| 700 | 1 |
_aPodhorský, Jaroslav _4pht |
|
| 999 |
_c15063 _d15063 |
||